| 000 | 00798nam a2200217 a 4500 | ||
|---|---|---|---|
| 003 | 0 | ||
| 005 | 20250403090411.0 | ||
| 008 | 050809s19uu xx 00 eng d | ||
| 050 |
_aPGS LB 2825.5.P4 _b.Or74 2005 |
||
| 100 | _aOrnelas, Ma. Charlene J. | ||
| 245 |
_aImage profiling of SISC / _cMa. Charlene J. Ornelas. |
||
| 260 |
_aLas PiƱas City, Philippines : _bSouthville International School and Colleges, _c2005. |
||
| 300 |
_a40 pages : _billustrations ; _c28 cm. |
||
| 504 | _aIncludes bibliographical references. | ||
| 650 | _aParents' perceptions of schools. | ||
| 650 |
_aInternational schools _vPublic opinion. |
||
| 650 |
_aSchool performance _vParental assessment. |
||
| 650 |
_aSchool ratings _vParent surveys. |
||
| 650 |
_aPrivate schools _vEvaluation. |
||
| 942 |
_2lcc _cPASS |
||
| 999 |
_c97404 _d97404 |
||